Metody oceňování pohledávek
Pokračovanie z č. 10/2001. Výber metódy ocenenia pohľadávky. Veriteľove možnosti s pohľadávkou. Vplyv času na oceňovanie pohľadávok. Ocenenie pohľadávky metódou likvidačnou - príklad.
Guardado en:
| Autor principal: | |
|---|---|
| Formato: | Capítulo de libro |
| Lenguaje: | checo |
| Materias: | |
| Etiquetas: |
Sin Etiquetas, Sea el primero en etiquetar este registro!
|
MARC
| LEADER | 00000naa a2200000 4500 | ||
|---|---|---|---|
| 001 | r043526 | ||
| 005 | 20231004072334.6 | ||
| 041 | 0 | |a cze | |
| 044 | |a CZ | ||
| 245 | 1 | 0 | |a Metody oceňování pohledávek |c Lukáš Křístek |
| 520 | |a Pokračovanie z č. 10/2001. Výber metódy ocenenia pohľadávky. Veriteľove možnosti s pohľadávkou. Vplyv času na oceňovanie pohľadávok. Ocenenie pohľadávky metódou likvidačnou - príklad. | ||
| 610 | 2 | 0 | |a pohľadávky |
| 610 | 2 | 0 | |a pojmy |
| 610 | 2 | 0 | |a hodnota |
| 610 | 2 | 0 | |a oceňovanie |
| 610 | 2 | 0 | |a metódy |
| 610 | 2 | 0 | |a veritelia |
| 100 | 1 | |a Křístek, Lukáš | |